El grito manso (Record no. 21279)

MARC details
000 -LEADER
campo de control de longitud fija 01020nmc a2200313 a 4500
003 - IDENTIFICADOR DE NÚMERO DE CONTROL
campo de control AR-BaBNM
005 - FECHA Y HORA DE LA ÚLTIMA TRANSACCIÓN
campo de control 20251128211827.0
008 - DATOS DE LONGITUD FIJA--INFORMACIÓN GENERAL
campo de control de longitud fija 026120s2006 ||||||||||||||000 | spa||
020 ## - NÚMERO INTERNACIONAL ESTÁNDAR DEL LIBRO
Número Internacional Estándar del Libro 987-1105-30-4
040 ## - FUENTE DE CATALOGACIÓN
Centro/agencia transcriptor AR-BaBNM
100 1# - ENTRADA PRINCIPAL--NOMBRE DE PERSONA
Nombre de persona Freire, Paulo
245 10 - MENCIÓN DEL TÍTULO
Título El grito manso
250 ## - MENCION DE EDICION
Mención de edición 1ª ed.
260 ## - PUBLICACIÓN, DISTRIBUCIÓN, ETC.
Lugar de publicación, distribución, etc. Buenos Aires
Nombre del editor, distribuidor, etc. Siglo XXI Editores
Fecha de publicación, distribución, etc. 2006
300 0# - DESCRIPCIÓN FÍSICA
Extensión 101 p.
490 #0 - MENCIÓN DE SERIE
Mención de serie Educación
505 ## - NOTA DE CONTENIDO CON FORMATO
Título Trabajar con la gente
Mención de responsabilidad Iglesias, Roberto
505 ## - NOTA DE CONTENIDO CON FORMATO
Título La construcción de la propia existencia
Mención de responsabilidad Balbo, Orlando
505 ## - NOTA DE CONTENIDO CON FORMATO
Título El conocimiento como mercancía, la escuela como shopping, los docentes como proletarios
Mención de responsabilidad Imen, Pablo
505 ## - NOTA DE CONTENIDO CON FORMATO
Título Até mais, maestro
Mención de responsabilidad Falaschi, Carlos
505 ## - NOTA DE CONTENIDO CON FORMATO
Título Felíz y desafiado [al recibir el honoris causa]
Mención de responsabilidad Freire, Paulo
650 #4 - PUNTO DE ACCESO ADICIONAL DE MATERIA--TÉRMINO DE MATERIA
Término de materia o nombre geográfico como elemento de entrada ROL DEL DOCENTE
650 #4 - PUNTO DE ACCESO ADICIONAL DE MATERIA--TÉRMINO DE MATERIA
Término de materia o nombre geográfico como elemento de entrada FINALIDADES DE LA EDUCACION
653 #0 - TÉRMINO DE INDIZACIÓN--NO CONTROLADO
Término no controlado EDUCACION POPULAR
653 #0 - TÉRMINO DE INDIZACIÓN--NO CONTROLADO
Término no controlado PEDAGOGIA CRITICA
700 1# - ENTRADA AGREGADA--NOMBRE PERSONAL
Nombre de persona Ceccon, Claudius
Término indicativo de función/relación ilustrador
942 ## - ELEMENTOS DE ENTRADA SECUNDARIOS (KOHA)
Tipo de ítem Koha Libros
998 ## - INFORMACIÓN DE CONTROL LOCAL (RLIN)
Iniciales del catalogador, CIN (RLIN) me-solo cat
Holdings
Estatus retirado Estado de pérdida Fuente de la clasificación o esquema de estantería Estado de daño No para préstamo Biblioteca de origen Biblioteca actual Fecha de adquisición Fuente de adquisición Total de préstamos Signatura topográfica completa Código de barras Visto por última vez Precio de reemplazo Tipo de ítem Koha
    Clasificación Decimal Dewey     Liberty Liberty 28/11/2025 C-BP-011   37.013 FREG 142704 28/11/2025 28/11/2025 Libros
    Clasificación Decimal Dewey     Liberty Liberty 28/11/2025 C-BP-011   37.013 FREG 142716 28/11/2025 28/11/2025 Libros